MARC

LEADER 00000nam0a2200000 4500
001 312899
005 20231102002530.0
035 |a (RuTPU)RU\TPU\book\338269 
090 |a 312899 
100 |a 20151229d1982 km y0rusy50 ca 
101 0 |a rus 
102 |a RU 
105 |a a z 001zy 
200 1 |a Землетрясения и подземные воды  |f И. Г. Киссин  |g Академия наук СССР (АН СССР) 
210 |a Москва  |c Наука  |d 1982 
215 |a 176 с.  |c ил. 
225 1 |a Человек и окружающая среда 
320 |a Библиогр.: с. 172-174 
606 1 |a Землетрясения  |2 stltpush  |3 (RuTPU)RU\TPU\subj\11717  |9 38626 
606 1 |a Воды подземные  |x (геология)  |2 stltpush  |3 (RuTPU)RU\TPU\subj\68168  |9 83651 
610 1 |a сейсмология 
610 1 |a взаимозависимость 
610 1 |a прогнозы 
610 1 |a режимы 
610 1 |a подготовка 
610 1 |a техногенные землетрясения 
610 1 |a возбужденные состояния 
610 1 |a гидрогеологические эффекты 
610 1 |a флюидные предвестники 
675 |a 550.348.436  |v 4 
675 |a 556.3  |v 4 
700 1 |a Киссин  |b И. Г.  |g Иснау Гаврилович 
712 0 2 |a Академия наук СССР (АН СССР)  |c (Ленинград/Москва)  |c (1925-1991)  |2 stltpush  |3 (RuTPU)RU\TPU\col\722 
801 1 |a RU  |b 63413507  |c 20151229 
801 2 |a RU  |b 63413507  |c 20181002  |g RCR 
942 |c BK